La convention de Genève du 28 juillet 1951 relative au statut des réfugiés 50 ans après: Bilan et perspectives

Đã lưu trong:
書目詳細資料
主要作者: Chetail, Vincent
格式: 圖書
語言:Undetermined
出版: Bruxelles Bruylant 2001
主題:
標簽: 添加標簽
沒有標簽, 成為第一個標記此記錄!
Thư viện lưu trữ: Trung tâm Học liệu Trường Đại học Cần Thơ
LEADER 00603nam a2200193Ia 4500
001 CTU_72996
008 210402s9999 xx 000 0 und d
082 |a 341.486 
082 |b C526 
100 |a Chetail, Vincent 
245 0 |a La convention de Genève du 28 juillet 1951 relative au statut des réfugiés 50 ans après: Bilan et perspectives 
245 0 |c Vincent Chetail 
260 |a Bruxelles 
260 |b Bruylant 
260 |c 2001 
650 |a Refugees,Peace treaties 
650 |x Legal status, laws, etc. 
904 |i Minh 
980 |a Trung tâm Học liệu Trường Đại học Cần Thơ